| 000 | 00772nam a2200205 a 4500 | ||
|---|---|---|---|
| 008 | 120416s1972 ||||||||||||||||| || u | ||
| 020 | _a0716701707 | ||
| 050 | _aQD 101.2 Swi | ||
| 100 | _aButler, Eliot A | ||
| 245 | 1 | 0 | _aQuantitative measurements and chemical equilibria |
| 260 |
_aSan Francisco _bW.H. Freeman _c1972 |
||
| 300 | _axiv, 719p. : ill. | ||
| 350 | _a0.00 | ||
| 490 | _aA Series of books in chemistry | ||
| 650 | 0 | _aCHEMISTRY--HANDBOOKS, MANUALS, ETC | |
| 650 | _aCHEMISTRY, ANALYTIC--QUANTITATIVE | ||
| 650 | 0 | _aCHEMISTRY, ANALYTIC--LABORATORY MANUALS | |
| 700 | _aSwift, Ernest Haywood | ||
| 995 |
_D0.00 _FCBU-MAIN LIBRARY (Kitwe) _H1 _I6.20 _M1 _UAVAILABLE _ZMain Library Open Access Collection |
||
| 999 |
_c55452 _d55452 |
||